| 000 | 00700nac a22002171u 4500 | ||
|---|---|---|---|
| 010 | _a 92041866 | ||
| 020 | _a0314012354 (hard) | ||
| 082 | 0 | 0 |
_a302.2 _bFIS |
| 090 |
_c5486 _d5486 |
||
| 100 | _aFisher, Dalmar. | ||
| 245 | 1 | 0 |
_aCommunication in organizations / _cDalmar Fisher. |
| 250 | _a2nd ed. | ||
| 260 |
_aMinneapolis : _bWest Pub.,1993 _cc1993. |
||
| 300 |
_axvii, 551 p. : _bill. ; _c27 cm. |
||
| 500 | _adistributer: Al-Ahram | ||
| 504 | _aIncludes bibliographical references and indexes. | ||
| 511 | _acatalogued by: wessam | ||
| 650 | 0 | _aCommunication in organizations. | |
| 650 | 0 | _aInterpersonal communication. | |
| 942 |
_cBB _k302.2FIS |
||
| 999 |
_c5486 _d5486 |
||